[Event "Regionalliga SW 1617"]
[Site "Bayern"]
[Date "2016.11.20"]
[Round "2.6"]
[White "Zeier, Robert"]
[Black "Von Zimmermann, Georg"]
[Result "1-0"]
[WhiteElo "2021"]
[BlackElo "2049"]
[PlyCount "135"]
[EventDate "2016.10.16"]
[EventType "team-tourn"]
[EventRounds "9"]
[EventCountry "GER"]
[SourceTitle "EXT 2019"]
[Source "ChessBase"]
[SourceDate "2018.10.10"]
[SourceVersion "1"]
[SourceVersionDate "2018.10.10"]
[SourceQuality "1"]
[WhiteTeam "Muenchen 36 II"]
[BlackTeam "MSA Zugzwang II"]
[WhiteTeamCountry "GER"]
[BlackTeamCountry "GER"]

1. e4 c5 2. Nf3 Nc6 3. d4 cxd4 4. Nxd4 Nf6 5. Nc3 e5 6. Ndb5 d6 7. Bg5 a6 8. Na3 b5 9. Bxf6 gxf6 10. Nd5 Bg7 11. Bd3 Be6 12. c3 0-0 13. 0-0 f5 14. Ne3 fxe4 15. Bxe4 Qd7 16. Qf3 Rac8 17. Nf5 d5 18. Qg4 f6 19. Rfd1 Kh8 20. Qxg7+ Qxg7 21. Nxg7 Kxg7 22. Bxd5 Bf5 23. f3 b4 24. Nc4 Ne7 25. Nd6 Rcd8 26. Be4 Bxe4 27. fxe4 bxc3 28. bxc3 Rb8 29. Rd3 f5 30. exf5 Nxf5 31. Nxf5+ Rxf5 32. Rd7+ Kg6 33. Rad1 Rb2 34. R7d2 Rxd2 35. Rxd2 Rf6 36. Rc2 Rc6 37. Kf2 Kf5 38. Ke3 e4 39. c4 Ke5 40. c5 h6 41. g4 Kd5 42. Rd2+ Ke5 43. Rc2 Kd5 44. h3 h5 45. g5 h4 46. Kf4 Kd4 47. Rd2+ Kc3 48. Re2 Rxc5 49. Rxe4 Kd3 50. Re3+ Kd4 51. Ra3 a5 52. Kg4 Ke4 53. Kxh4 Kf4 54. Rg3 Rc8 55. Rg4+ Kf5 56. Kg3 Rc3+ 57. Kh2 Rc2+ 58. Rg2 Rxg2+ 59. Kxg2 Kxg5 60. a4 Kf4 61. Kf2 Ke4 62. Kg3 Kf5 63. Kf3 Ke5 64. Kg4 Kf6 65. Kf4 Ke6 66. Kg5 Kf7 67. Kf5 Ke7 68. Ke5 1-0

[Event "Verbandsliga Nord Baden 0809"]
[Site "Germany"]
[Date "2009.01.11"]
[Round "5.3"]
[White "Zeier, Robert"]
[Black "Hauser, Carlos"]
[Result "1-0"]
[WhiteElo "2146"]
[BlackElo "2110"]
[PlyCount "59"]
[EventDate "2008.09.28"]
[EventType "team"]
[EventRounds "9"]
[EventCountry "GER"]
[SourceTitle "EXT 2010"]
[Source "ChessBase"]
[SourceDate "2010.11.25"]
[SourceVersion "1"]
[SourceVersionDate "2010.11.25"]
[SourceQuality "1"]
[WhiteTeam "Pfinztal"]
[BlackTeam "Walldorf"]
[WhiteTeamCountry "GER"]
[BlackTeamCountry "GER"]

1. e4 c5 2. Nf3 Nc6 3. d4 cxd4 4. Nxd4 Nf6 5. Nc3 e5 6. Ndb5 d6 7. Nd5 Nxd5 8. exd5 Nb8 9. c4 a6 10. Nc3 Be7 11. Be2 0-0 12. 0-0 f5 13. f4 Nd7 14. Kh1 Bf6 15. Qc2 exf4 16. Bxf4 Ne5 17. Be3 Bd7 18. Qb3 Rc8 19. Rad1 Qe7 20. Bd4 Kh8 21. g3 Rc7 22. Rfe1 Qf7 23. Qb6 Bd8 24. c5 Ng6 25. Qxd6 Rc8 26. Bh5 f4 27. Bxg6 hxg6 28. Qxf4 Qg8 29. Qh6+ Qh7 30. Bxg7+ 1-0

[Event "Baden-ch"]
[Site "Ottenau"]
[Date "2005.03.27"]
[Round "4"]
[White "Schrems, Hermann"]
[Black "Zeier, Robert"]
[Result "1-0"]
[WhiteElo "2182"]
[BlackElo "2158"]
[PlyCount "77"]
[EventDate "2005.03.25"]
[EventType "swiss"]
[EventRounds "11"]
[EventCountry "GER"]
[SourceTitle "CBM 105 Extra"]
[Source "ChessBase"]
[SourceDate "2005.05.01"]
[SourceVersion "1"]
[SourceVersionDate "2005.05.01"]
[SourceQuality "1"]

1. d4 Nf6 2. c4 g6 3. Nc3 Bg7 4. e4 d6 5. f3 0-0 6. Be3 e5 7. Nge2 c6 8. Qd2 a6 9. g4 h5 10. h3 Nbd7 11. d5 cxd5 12. cxd5 Nh7 13. Rg1 hxg4 14. hxg4 Re8 15. Ng3 Ndf8 16. 0-0-0 Bf6 17. Be2 Bg5 18. Kb1 Bxe3 19. Qxe3 g5 20. Rg2 Ng6 21. Rh2 Nf4 22. Rdh1 Nf6 23. Qg1 Kf8 24. Bd1 Ke7 25. Rh6 Rg8 26. Na4 Ng6 27. Nb6 Rb8 28. Qe3 Nh4 29. Ba4 Nd7 30. Nxc8+ Rxc8 31. R6xh4 gxh4 32. Nf5+ Ke8 33. Nxd6+ Ke7 34. Nxc8+ Qxc8 35. Rc1 Qb8 36. d6+ Kd8 37. Bxd7 Kxd7 38. Rc7+ Ke6 39. Qb3+ 1-0

[Event "Baden-ch"]
[Site "Ottenau"]
[Date "2005.03.25"]
[Round "1"]
[White "Zeier, Robert"]
[Black "Duessel, Udo"]
[Result "0-1"]
[WhiteElo "2158"]
[BlackElo "2172"]
[PlyCount "80"]
[EventDate "2005.03.25"]
[EventType "swiss"]
[EventRounds "11"]
[EventCountry "GER"]
[SourceTitle "CBM 105 Extra"]
[Source "ChessBase"]
[SourceDate "2005.05.01"]
[SourceVersion "1"]
[SourceVersionDate "2005.05.01"]
[SourceQuality "1"]

1. e4 e5 2. f4 exf4 3. Nf3 Be7 4. Bc4 Bh4+ 5. Kf1 d6 6. Nc3 Bg4 7. d3 Nd7 8. Bxf4 Ne7 9. Qd2 Ng6 10. Nxh4 Qxh4 11. Bg3 Qd8 12. h3 Be6 13. Bxe6 fxe6 14. Ke2 0-0 15. Raf1 Qe7 16. Kd1 c6 17. Kc1 e5 18. Nd1 Nc5 19. Ne3 Qe6 20. Kb1 b6 21. Nf5 d5 22. Qe2 dxe4 23. dxe4 Rae8 24. Qg4 h5 25. Qxh5 Nxe4 26. Qe2 Nc3+ 27. bxc3 Rxf5 28. Rxf5 Qxf5 29. Rf1 Qe6 30. Qe4 b5 31. h4 Nf8 32. Rf5 Nd7 33. Bh2 a5 34. h5 a4 35. g4 a3 36. g5 Nc5 37. Qxe5 Qd7 38. Rf1 Rxe5 39. Bxe5 Ne4 40. Re1 Qd2 0-1

[Event "BL2-Sued 0405"]
[Site "Germany"]
[Date "2004.12.12"]
[Round "4.8"]
[White "Pfrommer, Christoph"]
[Black "Zeier, Robert"]
[Result "1/2-1/2"]
[WhiteElo "2257"]
[BlackElo "2158"]
[PlyCount "64"]
[EventDate "2004.10.24"]
[EventType "team-tourn"]
[EventRounds "9"]
[EventCountry "GER"]
[SourceTitle "EXT 2007"]
[Source "ChessBase"]
[SourceDate "2006.11.23"]
[SourceVersion "1"]
[SourceVersionDate "2006.11.23"]
[SourceQuality "1"]
[WhiteTeam "Karlsruhe"]
[BlackTeam "Untergrombach"]
[WhiteTeamCountry "GER"]
[BlackTeamCountry "GER"]

1. d4 Nf6 2. Bg5 Ne4 3. Bf4 c5 4. f3 Nf6 5. dxc5 b6 6. e4 bxc5 7. Nc3 Nc6 8. Bc4 g6 9. Nd5 Nxd5 10. Qxd5 e6 11. Qd2 Bg7 12. c3 Qb6 13. Nh3 Ne5 14. Be2 0-0 15. 0-0 Rd8 16. Bg5 f6 17. Be3 d5 18. exd5 exd5 19. Nf2 Bb7 20. Rfd1 Rd7 21. b3 Rad8 22. Nd3 Nxd3 23. Bxd3 f5 24. Rac1 d4 25. cxd4 Bxd4 26. Bxd4 Rxd4 27. Bc4+ Bd5 28. Bxd5+ R8xd5 29. Qe2 Rxd1+ 30. Rxd1 Rxd1+ 31. Qxd1 c4+ 32. Kf1 cxb3 1/2-1/2

[Event "Eppingen op"]
[Site "Eppingen"]
[Date "2004.04.09"]
[Round "1.9"]
[White "Guenthner, Oliver"]
[Black "Zeier, Robert"]
[Result "1/2-1/2"]
[WhiteElo "2303"]
[BlackElo "2149"]
[PlyCount "85"]
[EventDate "2004.04.09"]
[EventType "swiss"]
[EventRounds "11"]
[EventCountry "GER"]
[SourceTitle "CBM 099 Extra"]
[Source "ChessBase"]
[SourceDate "2004.05.04"]
[SourceVersion "1"]
[SourceVersionDate "2004.05.04"]
[SourceQuality "1"]

1. c4 e5 2. Nc3 Nc6 3. g3 g6 4. Bg2 Bg7 5. e3 f5 6. Nge2 Nf6 7. d4 e4 8. Nf4 d6 9. h4 Ne7 10. b3 c6 11. a4 h6 12. Ba3 Kf7 13. f3 g5 14. Nfe2 d5 15. Qc2 Be6 16. c5 Qd7 17. f4 gxh4 18. gxh4 Nh5 19. 0-0-0 Bf6 20. Rh2 Rag8 21. Rdh1 Rg7 22. Qd1 Ke8 23. Qe1 Bf7 24. Nd1 Rhg8 25. Bf1 Nc8 26. Kc2 Bd8 27. Bb4 Bf6 28. Bh3 Ng3 29. Nxg3 Rxg3 30. Bf1 Bh5 31. Be2 Qf7 32. Qf2 Bf3 33. Bxf3 exf3 34. Kc1 Qh5 35. Rh3 Rxh3 36. Rxh3 Rg2 37. Qxf3 Qxf3 38. Rxf3 Rh2 39. Be1 Bxh4 40. Bxh4 Rxh4 41. Nf2 Ne7 42. Kd1 Kf7 43. Rg3 1/2-1/2